Inglês - Statistics

Estatísticas Gerais
  • Esse quiz foi jogado 440 vezes
  • A pontuação média é 13 de 15
Estatísticas das Respostas
Hint Resposta % Correto
Livro book
99%
Mãe Mother
98%
O que What
98%
Pai Father
97%
Dezembro December
95%
Cabelo Hair
95%
Sol Sun
95%
Segunda-feira Monday
94%
Mesa Table
91%
Onde Where
91%
Cantor Singer
88%
Inverno Winter
82%
Desenhar Draw
79%
Alto Tall
77%
Tempo Weather
47%
Nenhum quiz correspondente encontrado
Distribuição das Pontuações
Porcentagem de Pessoas com Cada Pontuação
Percentil de Números Respondidos
Sua Pontuação Histórica
Você não jogou esse quiz